| 000 -LEADER |
| fixed length control field |
00977nam a22001697a 4500 |
| 003 - CONTROL NUMBER IDENTIFIER |
| control field |
LRUA |
| 005 - DATE AND TIME OF LATEST TRANSACTION |
| control field |
20221125140605.0 |
| 008 - FIXED-LENGTH DATA ELEMENTS--GENERAL INFORMATION |
| fixed length control field |
221125b xxu||||| |||| 00| 0 eng d |
| 040 ## - CATALOGING SOURCE |
| Transcribing agency |
RUA |
| 082 ## - DEWEY DECIMAL CLASSIFICATION NUMBER |
| Classification number |
FOR CHH 2012 B544 Or.1 |
| 100 ## - MAIN ENTRY--PERSONAL NAME |
| Personal name |
CHHIN NAVIN,ឈិន ណាវិន |
| 245 ## - TITLE STATEMENT |
| Title |
study on traditional medicine plants utilization in prek thnot commune,teuk chhou district,kampot province,ការសិក្សារអំពីការប្រើប្រាស់រុក្ខជាតិឪសថតាមបែបប្រពៃណីនៅក្នុងសហគមន៍ការពារធនធានធម្មជាតិព្រែកត្នោតនៅឃុំព្រែកត្នោតស្រុកទឹកឈូខេត្តកំពត់ |
| 260 ## - PUBLICATION, DISTRIBUTION, ETC. (IMPRINT) |
| Place of publication, distribution, etc. |
phnom penh |
| Name of publisher, distributor, etc. |
rua |
| Date of publication, distribution, etc. |
2012 |
| 300 ## - PHYSICAL DESCRIPTION |
| Extent |
x;44p; |
| Other physical details |
ill; |
| Dimensions |
29cm; |
| 856 ## - ELECTRONIC LOCATION AND ACCESS |
| Uniform Resource Identifier |
https://drive.google.com/file/d/1gOQM9B05_QRM8gzR7xTGeeZKjOmBe5AD/view?usp=sharing |
| 942 ## - ADDED ENTRY ELEMENTS (KOHA) |
| Koha item type |
FOR |
| Source of classification or shelving scheme |
|